| 000 | 00475nam a2200157 4500 | ||
|---|---|---|---|
| 999 |
_c1547 _d1547 |
||
| 008 | 150602b xxu||||| |||| 00| 0 eng d | ||
| 020 | _a0702010510 | ||
| 050 | _aRF 46 .S73 1984 | ||
| 100 | _aStalker, Agnes E | ||
| 245 | _aEar, nose and throat nursing, | ||
| 250 | _a6th ed. | ||
| 260 |
_aEngland: _bBailliere Tindall, _c1984 |
||
| 300 |
_aviii, 232p. : _bill,; _c19cm |
||
| 650 | _aOtolaryngological nursing | ||
| 942 |
_2lcc _cBOOKS _hRF 46 .S73 1984 |
||